00407nam a22001457a 450000500170000000800410001702000180005804100120007608200140008810000120010224500690011426000420018330000110022565000250023620241125105234.0241125b |||||||| |||| 00| 0 eng d a9780409078848 aEnglish a343.4 SIL lEnglish aSilke on South African Income Tax /cA De Koker and RC Williams  aDurban:bLexisNexis (Pty) Ltd, c1995 c26 cm. aLegal practice bLaw